000 00701nam a2200181Ia 4500
008 100920s9999 xx 000 0 und d
082 _b70265
_a891.464 थ 94
100 _aइंगोले (खंडाळे) विजया मधुकर.
245 _aज्ञानज्योती माई सावित्री फुले.
260 _b---
_c1994
300 _a178
_bसाधी
365 _b120
520 _aनिबंध.
630 _aज्ञानज्योती माई सावित्री फुले.
650 _aनिबंध.
730 _aज्ञानज्योती माई सावित्री फुले.
942 _cBOOK
999 _c712297
_d712294